[Event "RUS-ch IPCA"]
[Site "Volgograd"]
[Date "2017.05.04"]
[Round "5"]
[White "Kolomytchenko, Igor Aleksandrovich"]
[Black "Denisov, Sergei"]
[Result "0-1"]
[WhiteElo "2000"]
[BlackElo "2160"]
[PlyCount "96"]
[EventDate "2017.04.30"]
[EventType "swiss"]
[EventRounds "9"]
[EventCountry "RUS"]
[SourceTitle "CBM 178 Extra"]
[Source "ChessBase"]
[SourceDate "2017.06.22"]
[SourceVersion "1"]
[SourceVersionDate "2017.06.22"]
[SourceQuality "1"]

1. e4 e5 2. Nf3 Nc6 3. Bb5 a6 4. Ba4 Nf6 5. 0-0 Be7 6. Re1 b5 7. Bb3 d6 8. c3 0-0 9. h3 Na5 10. Bc2 c5 11. d3 Nc6 12. Nbd2 Ne8 13. a4 Nc7 14. axb5 axb5 15. Rxa8 Nxa8 16. Bb3 Nc7 17. Nf1 Re8 18. Ne3 h6 19. Nd5 Bf8 20. Nxc7 Qxc7 21. d4 Ne7 22. dxe5 dxe5 23. Qe2 c4 24. Bc2 Ng6 25. Be3 Bc5 26. Bxc5 Qxc5 27. Qe3 Qc7 28. Ra1 Be6 29. Bd1 Rb8 30. Be2 b4 31. Nd2 bxc3 32. Qxc3 Nf4 33. Bf1 Rc8 34. Rc1 Qd8 35. Qe3 Qg5 36. Kh2 Rd8 37. g3 Nxh3 38. Bxh3 Qxe3 39. fxe3 Rxd2+ 40. Bg2 Rxb2 41. Kg1 Kf8 42. Bf1 Rb4 43. Kf2 Ke7 44. Ke1 Kd6 45. Kd2 Kc5 46. Be2 Rb2+ 47. Kd1 Kb4 48. Ra1 c3 0-1

[Event "RUS IPCA-ch"]
[Site "Nalchik"]
[Date "2016.05.07"]
[Round "8"]
[White "Denisov, Sergei"]
[Black "Balberov, Alexander"]
[Result "1/2-1/2"]
[WhiteElo "2105"]
[BlackElo "2362"]
[PlyCount "76"]
[EventDate "2016.04.30"]
[EventType "swiss"]
[EventRounds "9"]
[EventCountry "RUS"]
[SourceTitle "CBM 172 Extra"]
[Source "ChessBase"]
[SourceDate "2016.06.21"]
[SourceVersion "1"]
[SourceVersionDate "2016.06.21"]
[SourceQuality "1"]

1. e4 Nf6 2. e5 Nd5 3. Nc3 Nxc3 4. dxc3 d6 5. Bf4 Nc6 6. Nf3 dxe5 7. Nxe5 Nxe5 8. Qxd8+ Kxd8 9. Bxe5 f6 10. 0-0-0+ Bd7 11. Bc4 Kc8 12. Bg3 e5 13. Bd5 Bd6 14. c4 Bf5 15. f3 Rd8 16. Bf2 c6 17. Be4 Bxe4 18. fxe4 Be7 19. Rxd8+ Kxd8 20. Rd1+ Kc7 21. Rd3 b6 22. Rh3 h6 23. g4 Kd7 24. Kd1 Ke6 25. Ke2 Rd8 26. Rd3 Rh8 27. a4 h5 28. Rh3 g6 29. b3 Kf7 30. a5 bxa5 31. gxh5 gxh5 32. Bxa7 Ra8 33. Be3 a4 34. bxa4 Rxa4 35. Rxh5 Rxc4 36. Kd3 Ra4 37. Rh7+ Ke6 38. h4 c5 1/2-1/2

[Event "RUS IPCA-ch"]
[Site "Nalchik"]
[Date "2016.04.30"]
[Round "1"]
[White "Denisov, Sergei"]
[Black "Grunina, Engelsina"]
[Result "1-0"]
[WhiteElo "2105"]
[BlackElo "1470"]
[PlyCount "39"]
[EventDate "2016.04.30"]
[EventType "swiss"]
[EventRounds "9"]
[EventCountry "RUS"]
[SourceTitle "CBM 172 Extra"]
[Source "ChessBase"]
[SourceDate "2016.06.21"]
[SourceVersion "1"]
[SourceVersionDate "2016.06.21"]
[SourceQuality "1"]

1. e4 c5 2. Nf3 d6 3. Bc4 e6 4. 0-0 Nf6 5. Re1 Be7 6. a3 0-0 7. Ba2 Nc6 8. d3 a6 9. Nbd2 b5 10. Nf1 Bb7 11. Ng3 Rc8 12. c3 Ng4 13. d4 c4 14. h3 Nf6 15. Qe2 Qc7 16. e5 dxe5 17. dxe5 Nd5 18. Bb1 Nb8 19. Qc2 Nd7 20. Qxh7# 1-0

[Event "RUS IPCA-ch"]
[Site "Nalchik"]
[Date "2015.05.07"]
[Round "8"]
[White "Kuprin, Vladimir"]
[Black "Denisov, Sergei"]
[Result "1-0"]
[WhiteElo "2099"]
[BlackElo "2136"]
[PlyCount "157"]
[EventDate "2015.04.30"]
[EventType "swiss"]
[EventRounds "9"]
[EventCountry "RUS"]
[SourceTitle "EXT 2018"]
[Source "ChessBase"]
[SourceDate "2017.10.13"]
[SourceVersion "1"]
[SourceVersionDate "2017.10.13"]
[SourceQuality "1"]

1. e4 e5 2. Nf3 Nc6 3. d4 exd4 4. Nxd4 Bc5 5. Be3 Qf6 6. c3 b6 7. Be2 Bb7 8. 0-0 Nge7 9. Nb5 Rc8 10. Bxc5 bxc5 11. Nd2 0-0 12. f4 d6 13. g3 Qh6 14. Bg4 f5 15. exf5 Nxf5 16. Bxf5 Rxf5 17. Qb3+ Kh8 18. Nxa7 Na5 19. Qb5 Qh3 20. Rf2 Rh5 21. Nf1 c4 22. f5 Rf8 23. Qd7 g6 24. fxg6 Qxd7 25. Rxf8+ Kg7 26. Rf7+ Qxf7 27. gxf7 Re5 28. Kf2 Rf5+ 29. Ke2 c6 30. Nd2 Rxf7 31. b4 cxb3 32. axb3 Ba6+ 33. c4 Rxa7 34. Rxa5 Re7+ 35. Kf2 Bc8 36. Nf3 h6 37. Nd4 Rc7 38. Nf5+ Bxf5 39. Rxf5 Ra7 40. h4 Ra2+ 41. Ke1 Rb2 42. Rf3 Kg6 43. Kd1 Rg2 44. Rd3 d5 45. cxd5 cxd5 46. Kc1 Kf6 47. Rxd5 Rxg3 48. Kb2 Rh3 49. h5 Ke6 50. Ra5 Kd7 51. Ka3 Kc7 52. Ka4 Kb7 53. Rf5 Kc7 54. b4 Rh4 55. Kb5 Re4 56. Kc5 Re7 57. Kd5 Kd7 58. Rf6 Rh7 59. Ke5 Ke8 60. b5 Kd7 61. Kf5 Rh8 62. Kg6 Ke7 63. Rf7+ Kd6 64. Rf1 Rb8 65. Rb1 Kc7 66. Kxh6 Rg8 67. b6+ Kb7 68. Kh7 Rg2 69. h6 Rg3 70. Kh8 Rg2 71. h7 Rg3 72. Rf1 Kxb6 73. Rf7 Kc6 74. Rg7 Rd3 75. Kg8 Rd8+ 76. Kf7 Rd7+ 77. Kg6 Rd6+ 78. Kh5 Rd1 79. Rg4 1-0

[Event "RUS IPCA-ch"]
[Site "Nalchik"]
[Date "2015.05.04"]
[Round "5"]
[White "Denisov, Sergei"]
[Black "Grigoriev, Sergey"]
[Result "1-0"]
[WhiteElo "2136"]
[BlackElo "1998"]
[PlyCount "51"]
[EventDate "2015.04.30"]
[EventType "swiss"]
[EventRounds "9"]
[EventCountry "RUS"]
[SourceTitle "EXT 2018"]
[Source "ChessBase"]
[SourceDate "2017.10.13"]
[SourceVersion "1"]
[SourceVersionDate "2017.10.13"]
[SourceQuality "1"]

1. e4 c5 2. Nf3 Nc6 3. d4 cxd4 4. Nxd4 Nf6 5. Nxc6 bxc6 6. Bd3 e5 7. 0-0 Be7 8. Nd2 0-0 9. Nc4 Qc7 10. f4 d6 11. fxe5 dxe5 12. Qe1 Be6 13. Kh1 Rad8 14. Bg5 Rd7 15. Nd2 Rdd8 16. Qh4 h6 17. Bxf6 Bxf6 18. Rxf6 gxf6 19. Qxh6 Rd6 20. Rf1 Bc8 21. Nc4 Rfd8 22. Nxd6 Rxd6 23. Rf3 f5 24. Rg3+ Rg6 25. Rxg6+ fxg6 26. Bc4+ 1-0

[Event "RUS IPCA-ch"]
[Site "Nalchik"]
[Date "2015.05.02"]
[Round "3"]
[White "Denisov, Sergei"]
[Black "Vorobyov, Yurij"]
[Result "1/2-1/2"]
[WhiteElo "2136"]
[BlackElo "2180"]
[PlyCount "88"]
[EventDate "2015.04.30"]
[EventType "swiss"]
[EventRounds "9"]
[EventCountry "RUS"]
[SourceTitle "EXT 2018"]
[Source "ChessBase"]
[SourceDate "2017.10.13"]
[SourceVersion "1"]
[SourceVersionDate "2017.10.13"]
[SourceQuality "1"]

1. e4 d6 2. d4 Nf6 3. Nc3 Nbd7 4. Nf3 e5 5. Bc4 Be7 6. Qe2 0-0 7. Be3 Ng4 8. 0-0-0 Nxe3 9. fxe3 exd4 10. exd4 c6 11. a3 b5 12. Ba2 a5 13. Nb1 b4 14. Qe3 Nb6 15. h4 d5 16. axb4 axb4 17. Bb3 Re8 18. Qf4 Qd6 19. Ne5 f6 20. exd5 cxd5 21. Nd3 Qxf4+ 22. Nxf4 Bb7 23. Rde1 Bd6 24. g3 Kf8 25. Rhf1 Re7 26. Rxe7 Kxe7 27. Re1+ Kd7 28. Nh5 Rg8 29. Nd2 Kc6 30. Re3 Bc8 31. c3 bxc3 32. Rxc3+ Kb7 33. Ne4 Bb4 34. Nc5+ Kc6 35. Rc2 Kb5 36. Nf4 Re8 37. Ncd3 Bd6 38. Nxd5 Bf5 39. Kd2 Bxd3 40. Kxd3 Bxg3 41. Nc7+ Bxc7 42. Rxc7 Kb4 43. Rb7 Kxb3 44. Rxb6+ Ka4 1/2-1/2

[Event "Voronezh op-B 17th"]
[Site "Voronezh"]
[Date "2013.06.19"]
[Round "8"]
[White "Denisov, Sergei"]
[Black "Shishkin, Alexander"]
[Result "1-0"]
[WhiteElo "2169"]
[BlackElo "1966"]
[PlyCount "55"]
[EventDate "2013.06.12"]
[EventType "swiss"]
[EventRounds "9"]
[EventCountry "RUS"]
[SourceTitle "EXT 2014"]
[Source "ChessBase"]
[SourceDate "2013.11.20"]
[SourceVersion "1"]
[SourceVersionDate "2013.11.20"]
[SourceQuality "1"]

1. e4 c5 2. Nf3 e6 3. d4 cxd4 4. Nxd4 a6 5. Bd3 Nc6 6. Nxc6 dxc6 7. 0-0 e5 8. Nd2 Be6 9. Qh5 Bd6 10. Nc4 Nf6 11. Qh4 Bxc4 12. Bxc4 0-0 13. Bg5 Be7 14. Rad1 Qc7 15. Rd3 Rfd8 16. Rg3 Kf8 17. Bxf6 Bxf6 18. Qxh7 b5 19. Bb3 Ra7 20. Qh8+ Ke7 21. Qh5 Kf8 22. Rf3 a5 23. a3 a4 24. Ba2 Qc8 25. g4 g6 26. Qh6+ Bg7 27. Qxg6 Rdd7 28. Be6 1-0

[Event "Voronezh op-B 17th"]
[Site "Voronezh"]
[Date "2013.06.16"]
[Round "5"]
[White "Ioffe, Evgeny"]
[Black "Denisov, Sergei"]
[Result "0-1"]
[WhiteElo "2029"]
[BlackElo "2169"]
[PlyCount "96"]
[EventDate "2013.06.12"]
[EventType "swiss"]
[EventRounds "9"]
[EventCountry "RUS"]
[SourceTitle "EXT 2014"]
[Source "ChessBase"]
[SourceDate "2013.11.20"]
[SourceVersion "1"]
[SourceVersionDate "2013.11.20"]
[SourceQuality "1"]

1. e4 e5 2. Nf3 Nc6 3. Bc4 Bc5 4. c3 d6 5. d4 exd4 6. cxd4 Bb6 7. Bb5 Bd7 8. 0-0 Nf6 9. e5 dxe5 10. dxe5 Ne4 11. Qe2 Nc5 12. Bg5 Nd4 13. Nxd4 Qxg5 14. e6 Bxb5 15. Qxb5+ c6 16. exf7+ Kxf7 17. Qc4+ Qd5 18. Nf5 Rad8 19. Qg4 g6 20. Nh6+ Kg7 21. Nc3 Qd7 22. Rad1 Qxg4 23. Nxg4 Nd3 24. Rd2 Rhe8 25. h3 h5 26. Nh2 Nxf2 27. Rdxf2 Rd2 28. Nf3 Rxb2 29. Na4 Rxf2 30. Rxf2 Bxf2+ 31. Kxf2 Re4 32. Nc5 Rc4 33. Nxb7 Rc2+ 34. Kg3 Rxa2 35. Nd4 a5 36. Nxc6 a4 37. Nba5 a3 38. Nd4 Rd2 39. Ndb3 Rd1 40. Kf2 a2 41. Ke2 Rb1 42. Kf2 Kh6 43. Kg3 Kg5 44. h4+ Kf5 45. Kf3 Rf1+ 46. Kg3 Ke4 47. Nd2+ Kd3 48. Nab3 Kc2 0-1

[Event "Russia Central-ch"]
[Site "Pushchino"]
[Date "2013.03.22"]
[Round "7"]
[White "Denisov, Sergei"]
[Black "Starkov, Boris I"]
[Result "1-0"]
[WhiteElo "2180"]
[BlackElo "2257"]
[PlyCount "105"]
[EventDate "2013.03.16"]
[EventType "swiss"]
[EventRounds "9"]
[EventCountry "RUS"]
[SourceTitle "EXT 2014"]
[Source "ChessBase"]
[SourceDate "2013.11.20"]
[SourceVersion "1"]
[SourceVersionDate "2013.11.20"]
[SourceQuality "1"]

1. e4 c5 2. Nf3 d6 3. Bc4 Nc6 4. 0-0 Nf6 5. d3 e6 6. Re1 Be7 7. a3 0-0 8. Ba2 Rb8 9. Nbd2 b5 10. Nf1 a5 11. Ng3 Bb7 12. c3 Ne5 13. d4 cxd4 14. cxd4 Nc4 15. Qe2 d5 16. e5 Ne4 17. Bb1 f5 18. exf6 Bxf6 19. Nxe4 dxe4 20. Bxe4 Bxd4 21. Bxb7 Rxb7 22. Qe4 Rd7 23. Nxd4 Rxd4 24. Qxe6+ Kh8 25. b3 Rd6 26. Qe2 Nd2 27. Qxb5 Qf6 28. Bxd2 Qxf2+ 29. Kh1 Rxd2 30. Rg1 Re2 31. Qxa5 h6 32. Rac1 Kh7 33. Qc5 Qxc5 34. Rxc5 Rb2 35. Rb5 Rff2 36. a4 Kg6 37. a5 h5 38. h3 Ra2 39. b4 Rfb2 40. Kh2 h4 41. Rb6+ Kh5 42. a6 Ra4 43. b5 Ra5 44. Rb7 Rbxb5 45. Rxb5+ Rxb5 46. Ra1 Rb8 47. a7 Ra8 48. Kg1 Kg5 49. Kf2 Kf5 50. Kf3 g5 51. Ra5+ Kg6 52. Kg4 Kf6 53. Ra6+ 1-0

[Event "Russia Central-ch"]
[Site "Pushchino"]
[Date "2013.03.19"]
[Round "4"]
[White "Klyuev, Alexander S"]
[Black "Denisov, Sergei"]
[Result "1-0"]
[WhiteElo "2263"]
[BlackElo "2180"]
[PlyCount "87"]
[EventDate "2013.03.16"]
[EventType "swiss"]
[EventRounds "9"]
[EventCountry "RUS"]
[SourceTitle "EXT 2014"]
[Source "ChessBase"]
[SourceDate "2013.11.20"]
[SourceVersion "1"]
[SourceVersionDate "2013.11.20"]
[SourceQuality "1"]

1. e4 e5 2. Nf3 Nc6 3. Bc4 Bc5 4. c3 d6 5. d4 exd4 6. cxd4 Bb6 7. Nc3 Nf6 8. 0-0 0-0 9. d5 Ne7 10. h3 Ng6 11. Re1 Re8 12. Qc2 a6 13. Bf1 h6 14. Be3 Bxe3 15. Rxe3 Bd7 16. Qb3 Rb8 17. Rae1 Re7 18. g3 c6 19. Bg2 cxd5 20. Nxd5 Nxd5 21. Qxd5 Be6 22. Qd4 Rc8 23. Bf1 Ne5 24. Rd1 Nxf3+ 25. Rxf3 Qa5 26. Ra3 Qh5 27. h4 Bg4 28. Re1 Qe5 29. Rd3 Qxd4 30. Rxd4 f5 31. Bg2 fxe4 32. Rexe4 Rxe4 33. Bxe4 Be6 34. Rxd6 Bxa2 35. Rb6 a5 36. Bxb7 Rc5 37. Be4 Bd5 38. Bxd5+ Rxd5 39. Kg2 a4 40. Kf3 Ra5 41. Kg4 h5+ 42. Kf4 a3 43. bxa3 Rxa3 44. Kg5 1-0

[Event "Russia Central-ch"]
[Site "Pushchino"]
[Date "2013.03.17"]
[Round "2"]
[White "Denisov, Sergei"]
[Black "Kolpin, Artyom"]
[Result "1-0"]
[WhiteElo "2180"]
[BlackElo "1834"]
[PlyCount "45"]
[EventDate "2013.03.16"]
[EventType "swiss"]
[EventRounds "9"]
[EventCountry "RUS"]
[SourceTitle "EXT 2014"]
[Source "ChessBase"]
[SourceDate "2013.11.20"]
[SourceVersion "1"]
[SourceVersionDate "2013.11.20"]
[SourceQuality "1"]

1. e4 c5 2. Nf3 Nc6 3. d4 cxd4 4. Nxd4 g6 5. Nxc6 bxc6 6. Bc4 Bg7 7. 0-0 d6 8. Nc3 Qc7 9. Bf4 Nf6 10. Qd2 0-0 11. Bh6 Bxh6 12. Qxh6 Ng4 13. Qh4 Ne5 14. Bb3 Ba6 15. Rfe1 Rfe8 16. f4 Nd7 17. Bxf7+ Kxf7 18. Qxh7+ Kf8 19. e5 dxe5 20. fxe5 Qb6+ 21. Kh1 Qf2 22. Qh8+ Kf7 23. e6# 1-0

[Event "Moscow Govrnor Cup-A rapid"]
[Site "Moscow"]
[Date "2013.02.20"]
[Round "7"]
[White "Denisov, Sergei"]
[Black "Derguzov, Vladimir"]
[Result "1-0"]
[WhiteElo "2180"]
[BlackElo "2075"]
[PlyCount "45"]
[EventDate "2013.02.19"]
[EventType "swiss (rapid)"]
[EventRounds "11"]
[EventCountry "RUS"]
[SourceTitle "CBM 153 Extra"]
[Source "ChessBase"]
[SourceDate "2013.04.22"]
[SourceVersion "1"]
[SourceVersionDate "2013.04.22"]
[SourceQuality "1"]

1. e4 c5 2. Nf3 e6 3. d4 cxd4 4. Nxd4 a6 5. Bd3 Qc7 6. 0-0 Nf6 7. Kh1 d6 8. f4 Be7 9. Qe1 Nbd7 10. c3 b6 11. Nd2 Bb7 12. Bc2 0-0 13. N2f3 Nc5 14. e5 Ne8 15. f5 dxe5 16. Nxe5 Bf6 17. Bf4 Qd8 18. Rd1 Qc8 19. b4 Bxe5 20. Bxe5 Nd7 21. fxe6 Nxe5 22. e7 Bxg2+ 23. Kxg2 1-0

[Event "WCGD 1st"]
[Site "Dresden"]
[Date "2011.10.27"]
[Round "4"]
[White "Anfinogenov, Artem"]
[Black "Denisov, Sergei"]
[Result "1/2-1/2"]
[WhiteElo "2098"]
[BlackElo "2183"]
[PlyCount "28"]
[EventDate "2011.10.25"]
[EventType "swiss"]
[EventRounds "7"]
[EventCountry "GER"]
[SourceTitle "EXT 2012"]
[Source "ChessBase"]
[SourceDate "2011.11.24"]
[SourceVersion "1"]
[SourceVersionDate "2011.11.24"]
[SourceQuality "1"]

1. e4 e5 2. Nc3 Nc6 3. f4 exf4 4. Nf3 Bc5 5. d4 Nxd4 6. Nxd4 Qh4+ 7. Ke2 d5 8. Nxd5 Bg4+ 9. Nf3 Bxf3+ 10. gxf3 Qf2+ 11. Kd3 Qd4+ 12. Ke2 Qf2+ 13. Kd3 Qd4+ 14. Ke2 Qf2+ 1/2-1/2

[Event "Bialystok Bieluczyk Memorial-B 2nd"]
[Site "Bialystok"]
[Date "2010.06.27"]
[Round "3"]
[White "Cylwik, Zbigniew"]
[Black "Denisov, Sergei"]
[Result "0-1"]
[WhiteElo "1979"]
[BlackElo "2210"]
[PlyCount "75"]
[EventDate "2010.06.26"]
[EventType "swiss"]
[EventRounds "9"]
[EventCountry "POL"]
[SourceTitle "EXT 2012"]
[Source "ChessBase"]
[SourceDate "2011.11.24"]
[SourceVersion "1"]
[SourceVersionDate "2011.11.24"]
[SourceQuality "1"]

1. d4 d5 2. c4 c6 3. Nc3 Nf6 4. e3 a6 5. Nf3 Bf5 6. Be2 h6 7. 0-0 e6 8. b3 Nbd7 9. Bb2 Bd6 10. h3 Rc8 11. Re1 0-0 12. Bf1 Re8 13. Rc1 Qe7 14. c5 Bb8 15. Na4 Qd8 16. Ne5 Nxe5 17. dxe5 Nd7 18. f4 Bc7 19. Bd3 f6 20. exf6 Nxf6 21. Rf1 Bxd3 22. Qxd3 Ne4 23. Nc3 Nxc5 24. Qg6 e5 25. f5 Nd7 26. Ne2 Qg5 27. Qxg5 hxg5 28. g4 Bb6 29. Kf2 Nc5 30. Rc2 Nd3+ 31. Kf3 e4+ 32. Kg2 Bxe3 33. Bc3 c5 34. f6 gxf6 35. Rxf6 d4 36. Ba5 Rf8 37. Rxf8+ Rxf8 38. Ng3 0-1

[Event "Bialystok Bieluczyk Memorial-B 2nd"]
[Site "Bialystok"]
[Date "2010.06.26"]
[Round "1"]
[White "Grabowski, Adam"]
[Black "Denisov, Sergei"]
[Result "1-0"]
[WhiteElo "1952"]
[BlackElo "2210"]
[PlyCount "92"]
[EventDate "2010.06.26"]
[EventType "swiss"]
[EventRounds "9"]
[EventCountry "POL"]
[SourceTitle "EXT 2012"]
[Source "ChessBase"]
[SourceDate "2011.11.24"]
[SourceVersion "1"]
[SourceVersionDate "2011.11.24"]
[SourceQuality "1"]

1. e4 e5 2. Nf3 Nc6 3. Bb5 a6 4. Ba4 Nf6 5. 0-0 b5 6. Bb3 Bc5 7. c3 d6 8. d4 Bb6 9. Re1 Bd7 10. a4 0-0 11. Bg5 h6 12. Bh4 Qe7 13. Na3 exd4 14. cxd4 g5 15. Bg3 bxa4 16. Bd5 Rad8 17. Nc4 Ba7 18. Bxc6 Bxc6 19. e5 Qe6 20. Rc1 dxe5 21. Ncxe5 Be4 22. Nc6 Ra8 23. d5 Qg4 24. Nxa7 Rxa7 25. Qd4 Bxf3 26. Qxa7 Bxd5 27. Qxc7 Qb4 28. h3 Ne4 29. Qe5 Bc6 30. Rxc6 Qxe1+ 31. Kh2 Qb1 32. Rxh6 f6 33. Qe7 Nd2 34. Rh8+ Kxh8 35. Qxf8+ Kh7 36. Qf7+ Kh6 37. Qxf6+ Kh5 38. Qh8+ Kg6 39. Qe8+ Kh6 40. Qf8+ Kh5 41. Qf7+ Kh6 42. Qe6+ Qg6 43. Qe2 Ne4 44. Qc2 Qf5 45. Qxa4 Nxf2 46. Qxa6+ Kh7 1-0

[Event "RUS IPCA-ch"]
[Site "Adler"]
[Date "2009.10.13"]
[Round "?"]
[White "Grigoriev, Sergey"]
[Black "Denisov, Sergei"]
[Result "1/2-1/2"]
[WhiteElo "1879"]
[BlackElo "2185"]
[PlyCount "79"]
[EventDate "2009.10.07"]
[EventType "swiss"]
[EventRounds "9"]
[EventCountry "RUS"]
[SourceTitle "EXT 2023"]
[Source "ChessBase"]
[SourceDate "2022.10.05"]
[SourceVersion "1"]
[SourceVersionDate "2022.10.05"]
[SourceQuality "1"]

1. e4 e5 2. Nf3 Nc6 3. Bb5 a6 4. Ba4 Nf6 5. 0-0 b5 6. Bb3 Bc5 7. c3 d6 8. d4 Bb6 9. dxe5 Nxe5 10. Nxe5 dxe5 11. Qxd8+ Kxd8 12. Bxf7 Rf8 13. Bd5 Nxd5 14. exd5 Bb7 15. Be3 Bxe3 16. fxe3 Rxf1+ 17. Kxf1 Bxd5 18. Nd2 Ke7 19. e4 Bc6 20. Ke2 h6 21. Rf1 Rf8 22. Rxf8 Kxf8 23. Ke3 Ke7 24. a3 Bd7 25. b4 Be6 26. Nf3 Kf6 27. Ne1 Bc4 28. Kf3 Ke7 29. Nc2 Bb3 30. Ne3 Be6 31. Ke2 g6 32. Kd3 Kd6 33. c4 c6 34. cxb5 cxb5 35. Ke2 Kd7 36. Kf3 Kd6 37. g4 Kc6 38. Ng2 Kd6 39. Ne1 Bc4 40. h3 1/2-1/2